000 00459nam a2200157Ia 4500
999 _c19384
_d19384
003 OSt
005 20200707122840.0
008 190216s9999||||xx |||||||||||||| ||und||
040 _coclc
082 _a956
_bMAJ/H
100 _aMajumdar, R K
_93042
245 0 _aHistory Of Middle East /
_cR K Majumdar ; A N Srivastva
260 _bSurjeet Book Depot,
_aNew Delhi:
_c1986.
300 _a210p
942 _cBK
_2ddc
_h956
_iMAJ/H
_k956
_mMAJ/H